| 000 | 00433nam a22001577a 4500 | ||
|---|---|---|---|
| 003 | 0 | ||
| 005 | 20230620141127.0 | ||
| 008 | 230620b xxu||||| |||| 00| 0 eng d | ||
| 020 | _a978-0-689-82088-5 | ||
| 082 |
_aER _b.Ca278 1972 |
||
| 245 |
_aWalter the baker _cCarle, Eric |
||
| 260 |
_aNew York _bAlladin Paperbacks _cc1995 |
||
| 300 |
_aunpaged _bcol. ill. _c28cm. |
||
| 500 | _aBakers and bakeries-Fiction. | ||
| 942 |
_2ddc _cER |
||
| 999 |
_c365061 _d365061 |
||